Statistics for Kids Learning Tube Quiz

Click here to take the quiz!

General Stats

  • This quiz has been taken 13 times
  • The average score is 7 of 15

Answer Stats

QuestionAnswer% Correct
Did KLT putted Dwarf Planet Song?Yes
92%
Does KLT has a Spanish Channel?Yes
69%
Did KLT Putted a North Korea States Geography?Yes
62%
Did the Appendix Got Included and Mentioned in the Large Intestine Song?Yes
62%
How many views the Bladder Song Got?1.78M
54%
Did The Large Intestine Talked Slow Or Fast?Slow
54%
What was the oldest video ever of KLT?Learning To Count 1-10 Song
46%
What was the most viewed KLT Video ever?The Planet Song - Not Compilation
46%
How many popular uploads are in KLT Playlist?28
38%
How many videos mentioned bones in anatomy playlist?8
38%
How many KLT Shorts are in his playlist?16
23%
How many geography videos are in his playlist?207
23%
How many bones the skull have?22
23%
Which Year KLT Made Its First Video?2015
15%
How many videos were in the Stars Of The Universe?84
15%

Score Distribution

Percentile by Number Answered

Percent of People with Each Score

Your Score History

You have not taken this quiz